| 000 | 01333cam a2200325 a 4500 | ||
|---|---|---|---|
| 001 | 15346242 | ||
| 005 | 20090901064346.0 | ||
| 008 | 080627s2009 maua | 001 0 eng | ||
| 010 | _a 2008028935 | ||
| 020 | _a9780763746025 (pbk.) | ||
| 020 | _a0763746029 (pbk.) | ||
| 035 | _a(OCoLC)ocn227920208 | ||
| 035 | _a(OCoLC)227920208 | ||
| 040 |
_aDLC _cDLC _dBTCTA _dBAKER _dYDXCP _dC#P _dBWX _dDLC |
||
| 050 | 0 | 0 |
_aQA76.73.P98 _bM544 2009 |
| 082 | 0 | 0 |
_a005.133 _222 _bMIL |
| 100 | 1 |
_aMiller, Bradley N. _913167 |
|
| 245 | 1 | 0 |
_aPython : _cBradley N. Miller, David L. Ranum. _bProgramming in context / |
| 260 |
_aSudbury, Mass. : _bJones and Bartlett Publishers, _cc2009. |
||
| 300 |
_axxv, 492 p. : _bill. ; _c24 cm. |
||
| 500 | _aIncludes index. | ||
| 500 | _aDonations. | ||
| 500 | _aDonated By: Dr.Khaled Nagaty. | ||
| 650 | 0 |
_aPython (Computer program language) _913168 |
|
| 700 | 1 |
_aRanum, David L. _913169 |
|
| 856 | 4 | 1 |
_3Table of contents only _uhttp://www.loc.gov/catdir/toc/ecip0822/2008028935.html |
| 942 |
_2ddc _cBB |
||
| 999 |
_c13795 _d13795 |
||